Najchętniej odwiedzane przez turystów kraje świata - Statystyki

Ogólne statystyki
  • Ten quiz został rozwiązany 820 razy
  • Średni wynik to 16 z 20
Statystyki odpowiedzi
Lp. Liczba Turystów (2016) Odpowiedź % Poprawnych
3 75,6 mln Stany Zjednoczone
99%
1 101,6 mln Chiny
96%
2 82,6 mln Francja
96%
4 75,6 mln Hiszpania
96%
7 35,6 mln Niemcy
94%
5 52,4 mln Włochy
93%
14 24,6 mln Rosja
92%
15 24,0 mln Japonia
91%
16 20,0 mln Kanada
90%
6 35,8 mln Wielka Brytania
89%
18 17,5 mln Polska
87%
8 35,0 mln Meksyk
86%
13 24,8 mln Grecja
83%
12 25,4 mln Turcja
82%
19 17,2 mln Korea Południowa
64%
20 15,8 mln Holandia
61%
10 28,1 mln Austria
60%
9 32,6 mln Tajlandia
60%
17 18,0 mln Arabia Saudyjska
47%
11 26,8 mln Malezja
30%
Nie znaleziono quizów pasujących do podanych kryteriów
Rozkład punktacji
Procent ludzi z każdym wynikiem
Percentyl według liczby udzielonych odpowiedzi
Twoja historia wyników
Nie rozwiązałeś tego quizu